000 00501nam a2200193Ia 4500
001 46898
008 140429s9999 xx 000 0 und d
020 _aNA
040 _cPK-LaUMT
082 _aRHC 320.03
_bSIY-
100 _aCranston, Moros
245 _aSiyaasi islaahon ki farhang (Urdu)
_cCranston, Moros<>Gopal Mittal
260 _aDehli,India:
_bNational Academy,
_c1968
300 _a125 p.
546 _aUR
650 _aPolitical science-Terms
700 _aGopal Mittal
942 _cBK
999 _c44847
_d44847